000 00732nam a2200217 a 4500
001 BRCA_1978
005 20190320203625.0
008 101005s1966----nyua---###---#000-0#eng-#
050 4 _aZ237
_b.B75 1966
100 1 _aBriquet, Charles Moise
_d1839-1918
_96070
245 1 0 _aLes Filigranes
_bDictionnaire Historique des Marques du Papier, dès Leur Apparition vers 1282 Jusqu´en 1600
_cC. M. Briquet.
250 _a10
260 _aNew York
_bHacker Art Books
_c1966
300 _a4 v.
_bil.
_c32 cm.
504 _aBibliografía : p. [VIII]-X (v.1)
505 0 _aContenido : v.1. A-Ch. -- v.2. Ci-K. -- v.3. L-O. -- v.4. P-Z
650 1 4 _aMarcas de agua
_96071
653 0 _aFiligranas en papel
902 _aREF
942 _2lcc
_cB
999 _c1747
_d1747